000 00818nam a2200277Ia 4500
008 170203s9999 xx 000 0 und d
020 _a735203806
050 _a362.6
050 _b.So686h 2004
100 _aSolie, David.
245 _aHow to say it to seniors :
245 _bclosing the communication gap with our elders /
245 _cDavid Solie, M.S., P.A.
250 _aPrentice Hall Press edition.
260 _aUnited States:
260 _bPrentice Hall Press.
260 _c2004
300 _axii, 212 pages :
300 _c24 cm.
500 _aincludes bibliographical references and index.
650 _aAdult children of aging parents--
650 _aIntergenerational communication.
650 _aOlder people
650 _xAttitudes.
650 _xCommunication--United States.
999 _c305441
_d305441